<?xml version="1.0" encoding="UTF-8"?><?xml-stylesheet type="text/xsl" href="static/style.xsl"?><OAI-PMH xmlns="http://www.openarchives.org/OAI/2.0/" xmlns:xsi="http://www.w3.org/2001/XMLSchema-instance" xsi:schemaLocation="http://www.openarchives.org/OAI/2.0/ http://www.openarchives.org/OAI/2.0/OAI-PMH.xsd"><responseDate>2026-06-01T06:20:28Z</responseDate><request verb="GetRecord" identifier="oai:riuma.uma.es:10630/24570" metadataPrefix="marc">https://riuma.uma.es/rest/oai/request</request><GetRecord><record><header><identifier>oai:riuma.uma.es:10630/24570</identifier><datestamp>2026-02-03T12:19:08Z</datestamp><setSpec>com_10630_2254</setSpec><setSpec>col_10630_37959</setSpec></header><metadata><record xmlns="http://www.loc.gov/MARC21/slim" xmlns:dcterms="http://purl.org/dc/terms/" xmlns:doc="http://www.lyncode.com/xoai" xmlns:xsi="http://www.w3.org/2001/XMLSchema-instance" xsi:schemaLocation="http://www.loc.gov/MARC21/slim http://www.loc.gov/standards/marcxml/schema/MARC21slim.xsd">
   <leader>00925njm 22002777a 4500</leader>
   <datafield ind2=" " ind1=" " tag="042">
      <subfield code="a">dc</subfield>
   </datafield>
   <datafield ind2=" " ind1=" " tag="720">
      <subfield code="a">Ruiz-Sanchez, Antonio Jesus</subfield>
      <subfield code="e">author</subfield>
   </datafield>
   <datafield ind2=" " ind1=" " tag="720">
      <subfield code="a">Carbajo, Daniel</subfield>
      <subfield code="e">author</subfield>
   </datafield>
   <datafield ind2=" " ind1=" " tag="720">
      <subfield code="a">Nájera-Albendín, Francisco</subfield>
      <subfield code="e">author</subfield>
   </datafield>
   <datafield ind2=" " ind1=" " tag="720">
      <subfield code="a">Alfonso, Ignacio</subfield>
      <subfield code="e">author</subfield>
   </datafield>
   <datafield ind2=" " ind1=" " tag="720">
      <subfield code="a">Pérez-de-Inestrosa-Villatoro, Ezequiel</subfield>
      <subfield code="e">author</subfield>
   </datafield>
   <datafield ind2=" " ind1=" " tag="260">
      <subfield code="c">2022-06</subfield>
   </datafield>
   <datafield ind2=" " ind1=" " tag="520">
      <subfield code="a">Aminals are characterized by the connectivity of two amino groups to the same carbon atom, being the nitrogenated equivalent of acetals. Unlike acetals, aminals have been slightly underexplored in dynamic covalent chemistry due to their inherent instability.[1] In addition, stable aminals from primary amines are rare since they exist in solution in equilibrium with other species, Figure 1a. We have recently described the formation of stable and dynamic aminals[2] that represents, to the best of our knowledge, the first example from primary amines and carbonyl compounds Furthermore, inspired by the preparation of macrocycles through a templated reaction[3], we have reported the preparation of stable [2+2] macrocycles by aminal bonds formation between aromatic dialdehydes and bis(1,3)-diamines based in in 3,3’-diaminopivalic compounds,[4] Figure 1b.&#xd;
Macrocycles have been characterized by NMR and MS, showing that, despite the large number of possibilities within the corresponding dynamic equilibrium, a single [2+2] macrocycle is mainly formed, without requiring the presence of any template. These macrocycles keep a dynamic behaviour and a surprising water stability, opening the door to be applied in new stimuli-responsive materials for biomedical applications.</subfield>
   </datafield>
   <datafield ind1="8" ind2=" " tag="024">
      <subfield code="a">https://hdl.handle.net/10630/24570</subfield>
   </datafield>
   <datafield tag="653" ind2=" " ind1=" ">
      <subfield code="a">Compuestos macrocíclicos</subfield>
   </datafield>
   <datafield tag="653" ind2=" " ind1=" ">
      <subfield code="a">Química heterocíclica</subfield>
   </datafield>
   <datafield ind2="0" ind1="0" tag="245">
      <subfield code="a">Spontaneous [2+2] macrocyclization trhough dynamic covalent aminal bonds</subfield>
   </datafield>
</record>
</metadata></record></GetRecord></OAI-PMH>